Athènes - Choix multiples - Statistiques

Statistiques générales
  • Ce quiz a été pris 8 282 fois
    8 239 depuis la dernière actualisation
  • Le résultat moyen est 7 sur 10
Statistiques - réponses
Question Réponse % Correct
Quelle situation politique caractérise la ville antique d'Athènes ? La démocratie
96%
Lequel de ces monuments se trouve à Athènes ?
93%
Quel événement marquant s'est déroulé en 1896 à Athènes ? Les premiers Jeux Olympiques modernes
89%
Lequel de ces empires n'a jamais régné sur la ville d'Athènes ? L'Autriche-Hongrie
84%
Lequel de ces Athéniens n'était pas philosophe ? Périclès
79%
Dans quelle ville de banlieue se trouve le principal port d'Athènes ? Le Pirée
74%
Comment se nommait l'alliance de cités grecques dirigée par Athènes au Ve siècle av. J.-C. ? La ligue de Délos
48%
À qui Athéna s'est-elle opposée pour devenir la déesse protectrice d'Athènes ? Poséidon
39%
Laquelle de ces personnalités n'est pas née dans l'agglomération d'Athènes ? Pythagore
38%
Dans quelle région se trouve Athènes ? L'Attique
37%
Aucun quiz correspondant
Distribution des résultats
% des personnes avec chaque résultat
Percentile par nombre de réponses
Votre historique - résultats
Vous n’avez pas pris ce quiz depuis la dernière actualisation